| 000 | 00946nam a2200229 a 4500 | ||
|---|---|---|---|
| 001 | 000045775 | ||
| 005 | 20240415140330.0 | ||
| 008 | 090820s1998 dr 000 0 spa d | ||
| 040 |
_aDO-SdBNP _bspa _cBNPHU |
||
| 082 |
_a342.729306 _bM948d, 1998 |
||
| 100 | 1 |
_aMueses Henríquez, René _915766 |
|
| 245 | 1 | 0 |
_aDerecho administrativo dominicano / _cRené Mueses Henríquez. |
| 260 |
_aSanto Domingo : _bLibrería y papelería La Filantropica, _c1998. |
||
| 300 |
_a268, [38] p. ; _c21 cm. |
||
| 500 | _aIncluye en anexo: Ley 1491 De servicio civil y carrera administrativa -- Ley 1494 que instituye la jurisdicción contencioso-administrativa | ||
| 590 | _aInventariado, 2018/ YL | ||
| 650 | 4 |
_aDerecho administrativo _zRepública Dominicana _91203 |
|
| 650 | 4 |
_aDerecho administrativo _xLegislación _915767 |
|
| 650 | 4 |
_aCarrera administrativa _915768 |
|
| 650 | 0 |
_aAdministración pública _99266 |
|
| 910 | _aValidado. Control de calidad MFF | ||
| 999 |
_c45264 _d45264 |
||